مكتبة جامعة عجلون الوطنية

فهرس بحث المكتبة

Normal view MARC view
  • غنيم، احمد محمد

Entry Personal Name

Number of records used in: 1

001 - CONTROL NUMBER

  • control field: 38445

003 - CONTROL NUMBER IDENTIFIER

  • control field: JO-AjAnu

005 - DATE AND TIME OF LATEST TRANSACTION

  • control field: 20230606080412.0

008 - FIXED-LENGTH DATA ELEMENTS

  • fixed length control field: 230606|| aca||aabn | a|a d

040 ## - CATALOGING SOURCE

  • Original cataloging agency: JO-AjAnu
  • Transcribing agency: JO-AjAnu

100 ## - HEADING--PERSONAL NAME

  • Personal name: غنيم، احمد محمد

670 ## - SOURCE DATA FOUND

  • Source citation: Work cat.: (JO-AjAnu)19721: غنيم، احمد محمد , author, تطور الفكر القانونى - دراسة تاريخية فى فلسفة القانون